| 000 | 00374nam a22001577a 4500 | ||
|---|---|---|---|
| 003 | SGT | ||
| 020 | _a978-81-239-2306-2 | ||
| 082 |
_a615.4 _bT18K |
||
| 100 | _aKHAR,K.ROOP,ED. | ||
| 245 | _aLACHMAN, THE THEORY AND PRACTICE OF INDUSTRIAL PHARMACY | ||
| 250 | _a4TH | ||
| 260 |
_aNEW DELHI _bCBS .PUB _c2018 |
||
| 300 | _a1203 | ||
| 650 | _aAYURVEDA | ||
| 942 |
_2ddc _cBK _0254 |
||
| 999 |
_c16043 _d16043 |
||